000 00700nam a2200205 a 4500
001 14459
003 CO-ViMGA
005 20260318200723.0
008 141112s2004 ck r 000 u spa d
040 _aCO-ViMGA
_bspa
_cCO-ViMGA
082 0 4 _aFr986.186156 G613
110 _aGobernacion del Meta
_921175
245 1 0 _aPrimer encuentro agropecuario del Departamento del Meta
260 _aVillavicencio :
_bGobernacion del Meta,
_c1978
300 _a89
500 _aEn : Primer encuentro agropecuario del Departamento del Meta; Fr 986.186156 G613
650 1 4 _aDEPARTAMENTO DEL META - ASPECTOS SOCIOECONOMICOS - CONGRESOS, CONFERENCIAS, ETC
_921176
830 _aRNBP
_969122
942 _2ddc
_cBK
999 _c25088
_d25088